000 00925nam a2200253Ia 4500
003 OSt
005 20231004144713.0
008 210716s2012 xx 000 0 und d
020 _a9781259029202
040 _cAIMIT LIBRARY
041 _aeng
082 _a374.22
_23
_bBRIR
100 _aBrinkman, Rick.
_9136013
245 _aDealing with people you cant stand :
_bhow to bring out the best in people at their worst.
_cBy Rick Brinkman and Rick Krischner.
250 _a3rd ed.
260 _aNew Delhi :
_bTata McGraw Hill Publishing Company Ltd ,
_c2012.
300 _axvi,283p. ;
_bPB
_c22.7 cm.
650 _aGeneral Management
_9136014
651 _aGetting to know the people you cant stand
_9136015
651 _aSurviving through skillful communication
_9136016
651 _aBringing out the best in people at their worst
_9136017
700 _aKirschner, Rick.
_9136018
942 _2ddc
_cBK
_e3rd
_k374.22 BRIR
999 _c209369
_d209369